Indian political parties (Record no. 426371)

000 -LEADER
fixed length control field 00376cam a22001217a 4500
008 - FIXED-LENGTH DATA ELEMENTS--GENERAL INFORMATION
fixed length control field 180718b1948 xxu||||| |||| 00| 0 eng d
082 ## - DEWEY DECIMAL CLASSIFICATION NUMBER
Classification number F51x54 R137i
100 ## - MAIN ENTRY--PERSONAL NAME
Personal name Rajkumar, Nagoji Vasudev
245 ## - TITLE STATEMENT
Title Indian political parties
Statement of responsibility, etc. by Nagoji Vasudev Rajkumar
260 ## - PUBLICATION, DISTRIBUTION, ETC.
Place of publication, distribution, etc. New Delhi
Name of publisher, distributor, etc. All-India Congress Committee
Date of publication, distribution, etc. 1948
300 ## - PHYSICAL DESCRIPTION
Extent v, 139p
650 ## - SUBJECT ADDED ENTRY--TOPICAL TERM
Topical term or geographic name entry element Political parties --India
Holdings
Withdrawn status Lost status Damaged status Not for loan Permanent Location Current Location Date acquired Full call number Barcode Date last seen Price effective from Koha item type
        Indian Institute of Public Administration Indian Institute of Public Administration 2009-10-27 F51x54 R137i 36469 2018-07-21 2018-07-21 Book

Powered by Koha